MARC details
| 000 -LEADER |
| fixed length control field |
01705cam a22004215i 4500 |
| 001 - CONTROL NUMBER |
| control field |
22519095 |
| 003 - CONTROL NUMBER IDENTIFIER |
| control field |
BDDh-ASL |
| 005 - DATE AND TIME OF LATEST TRANSACTION |
| control field |
20231015031339.0 |
| 008 - FIXED-LENGTH DATA ELEMENTS--GENERAL INFORMATION |
| fixed length control field |
220422s2020 pk b 000 0deng |
| 010 ## - LIBRARY OF CONGRESS CONTROL NUMBER |
| LC control number |
2022313267 |
| 020 ## - INTERNATIONAL STANDARD BOOK NUMBER |
| International Standard Book Number |
9789697576883 |
| 037 ## - SOURCE OF ACQUISITION |
| Source of stock number/acquisition |
Library of Congress -- Islamabad Overseas Office |
| 040 ## - CATALOGING SOURCE |
| Original cataloging agency |
DLC |
| Language of cataloging |
eng |
| Description conventions |
rda |
| Transcribing agency |
BDDh-ASL |
| 041 ## - LANGUAGE CODE |
| Language code of text/sound track or separate title |
eng |
| 042 ## - AUTHENTICATION CODE |
| Authentication code |
lcode |
| 043 ## - GEOGRAPHIC AREA CODE |
| Geographic area code |
a------ |
| 050 00 - LIBRARY OF CONGRESS CALL NUMBER |
| Classification number |
BP63.A1 |
| Item number |
N3536 2020+ |
| 082 ## - DEWEY DECIMAL CLASSIFICATION NUMBER |
| Classification number |
297.8094 |
| Item number |
NAA |
| 100 1# - MAIN ENTRY--PERSONAL NAME |
| Personal name |
Mahmood, Khalid, |
| Relator term |
author. |
| 245 10 - TITLE STATEMENT |
| Title |
Travelling Islamophobia : |
| Remainder of title |
the politics of faith, landscape and persona in among the believers / |
| Statement of responsibility, etc. |
Dr. Khalid Mahmood. |
| 264 #1 - PRODUCTION, PUBLICATION, DISTRIBUTION, MANUFACTURE, AND COPYRIGHT NOTICE |
| Place of production, publication, distribution, manufacture |
Islamabad : |
| Name of producer, publisher, distributor, manufacturer |
Iqbal International Institute for Research and Dialogue, International Islamic University, |
| Date of production, publication, distribution, manufacture, or copyright notice |
2020. |
| 300 ## - PHYSICAL DESCRIPTION |
| Extent |
xvi, 178 pages ; |
| Dimensions |
22 cm |
| 336 ## - CONTENT TYPE |
| Content type term |
text |
| Content type code |
txt |
| Source |
rdacontent |
| 337 ## - MEDIA TYPE |
| Media type term |
unmediated |
| Media type code |
n |
| Source |
rdamedia |
| 338 ## - CARRIER TYPE |
| Carrier type term |
volume |
| Carrier type code |
nc |
| Source |
rdacarrier |
| 504 ## - BIBLIOGRAPHY, ETC. NOTE |
| Bibliography, etc. note |
Includes bibliographical references (pages167-178). |
| 600 10 - SUBJECT ADDED ENTRY--PERSONAL NAME |
| Personal name |
Naipaul, V. S. |
| Fuller form of name |
(Vidiadhar Surajprasad), |
| Dates associated with a name |
1932-2018. |
| Title of a work |
Among the believers. |
| 600 10 - SUBJECT ADDED ENTRY--PERSONAL NAME |
| Personal name |
Naipaul, V. S. |
| Fuller form of name |
(Vidiadhar Surajprasad), |
| Dates associated with a name |
1932-2018 |
| General subdivision |
Travel |
| Geographic subdivision |
Islamic countries. |
| 650 #0 - SUBJECT ADDED ENTRY--TOPICAL TERM |
| Topical term or geographic name entry element |
Islam |
| Geographic subdivision |
Asia. |
| 650 #0 - SUBJECT ADDED ENTRY--TOPICAL TERM |
| Topical term or geographic name entry element |
Islam |
| Form subdivision |
Controversial literature. |
| 650 #0 - SUBJECT ADDED ENTRY--TOPICAL TERM |
| Topical term or geographic name entry element |
Islamophobia. |
| 651 #0 - SUBJECT ADDED ENTRY--GEOGRAPHIC NAME |
| Geographic name |
Islamic countries |
| General subdivision |
Description and travel. |
| 700 12 - ADDED ENTRY--PERSONAL NAME |
| Personal name |
Naipaul, V. S. |
| Fuller form of name |
(Vidiadhar Surajprasad), |
| Dates associated with a name |
1932-2018. |
| Title of a work |
Among the believers. |
| 710 2# - ADDED ENTRY--CORPORATE NAME |
| Corporate name or jurisdiction name as entry element |
International Islamic University (Islāmābād, Pakistan). |
| Subordinate unit |
Iqbal International Institute for Research & Dialogue, |
| Relator term |
publisher. |
| 906 ## - LOCAL DATA ELEMENT F, LDF (RLIN) |
| a |
7 |
| b |
ibc |
| c |
origode |
| d |
3 |
| e |
ncip |
| f |
20 |
| g |
y-gencatlg |
| 942 ## - ADDED ENTRY ELEMENTS (KOHA) |
| Source of classification or shelving scheme |
Dewey Decimal Classification |
| Koha item type |
Books |